000 00674cam a2200253 4500
001 B2082
008 090401t1988 xxu||||| |||| 00| 0 eng d
035 _a(Sirsi) u47925
041 _aeng
050 _a332.6324
090 _aRICS 1988/43ABCD
110 _aRoyal Institution of Chartered Surveyors
_94900
245 _aConflicts of interest in the new property markets: initial guidance to members
260 _cJuly 1988
300 _a19p. ; 30cm.
350 _a2.5
650 _aCONFLICT OF INTEREST
650 _aFINANCIAL SERVICES ACT 1986
650 _aGUIDANCE NOTES
650 _aRICS
650 _aUNITISATION
942 _n0
948 _c04/03/1997
999 _c92248
_d92248